Poems and translations.

Đã lưu trong:
Chi tiết về thư mục
Tác giả chính: Synge, J. M. (John Millington), 1871-1909
Định dạng: Sách
Ngôn ngữ:English
Được phát hành: Dublin : Maunsel, 1908.
LEADER 00688nam a22001931 4500
001 c000208186
003 CARM
005 20021125002100.0
008 851211s1908 ie 0 eng d
019 1 |a 4179959  |z 45907815  |5 LACONCORD2021 
035 |a (OCoLC)219904313  |5 LACONCORD2021 
100 1 |a Synge, J. M.  |q (John Millington),  |d 1871-1909. 
245 1 0 |a Poems and translations. 
260 |a Dublin :  |b Maunsel,  |c 1908. 
300 |a 62p. 
852 8 |b CARM  |h A2:AN11A0  |i A03423  |p 0305035  |f BK 
082 0 4 |a 821.9 
999 f f |i 10916bf8-1b1a-5eb1-bb73-add6aa265fe5  |s 97db4d4d-181e-59d7-9c35-9235a2b08292 
952 f f |p Can circulate  |a CAVAL  |b CAVAL  |c CAVAL  |d CARM 1 Store  |e A03423  |f A2:AN11A0  |h Other scheme  |i book  |m 0305035